El cicerone
Salvato in:
| Autore principale: | |
|---|---|
| Natura: | Libro |
| Lingua: | spagnolo |
| Pubblicazione: |
Barcelona
Iberia
1953
|
| Serie: | Obras Maestras
|
| Soggetti: | |
| Tags: |
Aggiungi Tag
Nessun Tag, puoi essere il primo ad aggiungerne!!
|
MARC
| LEADER | 00000nam a2200000 a 4500 | ||
|---|---|---|---|
| 001 | UCQ0050 | ||
| 003 | CL-VaPUC | ||
| 008 | 980619e19530000SP |||||||||||||||||spa|d | ||
| 082 | 0 | 4 | |a 709.03 |b BUR |2 21 |
| 100 | 0 | |a Burckhardt, Jacob |e author |9 325782 | |
| 245 | 1 | 3 | |a El cicerone |
| 300 | |a 3 v | ||
| 942 | |c BK | ||
| 945 | |d 19980619 00:00:00 |a mvenant | ||
| 260 | |a Barcelona |b Iberia |c 1953 | ||
| 500 | |a v.1: arquitectura | ||
| 500 | |a v.2: pintura | ||
| 500 | |a v.3: escultura | ||
| 650 | 0 | |a Historia del arte |9 314877 | |
| 650 | 0 | |a Arte renacentista |9 264949 | |
| 650 | 7 | |a ESCULTURA RENACENTISTA |2 CL-VaPUC |9 265682 | |
| 650 | 0 | |a Arquitectura renacentista |9 265337 | |
| 650 | 0 | |a Arquitectura medieval |9 267661 | |
| 651 | 0 | |a Italia |9 254949 | |
| 583 | |a last modification |c 19980619 00:00:00 |k Rodrigo Vera | ||
| 490 | 0 | |a Obras Maestras | |
| 999 | |c 271213 |d 271211 | ||
| 952 | |0 0 |1 0 |4 0 |6 709_030000000000000_BUR_1953 |7 0 |8 A |9 305797 |a BIBARQ |b BIBARQ |d 2019-11-20 |h v.1 |i 3437000 |o 709.03 BUR 1953 |p 3437000 |r 2025-01-20 |w 2019-11-20 |y BK |k ARQ | ||
| 952 | |0 0 |1 0 |4 0 |6 709_030000000000000_BUR_1953 |7 0 |8 A |9 305798 |a BIBARQ |b BIBARQ |d 2019-11-20 |h v.2 |i 3437019 |o 709.03 BUR 1953 |p 3437019 |r 2025-01-20 |w 2019-11-20 |y BK |k ARQ | ||
| 952 | |0 0 |1 0 |4 0 |6 709_030000000000000_BUR_1953 |7 0 |8 A |9 305799 |a BIBARQ |b BIBARQ |d 2019-11-20 |h v.3 |i 3437027 |o 709.03 BUR 1953 |p 3437027 |r 2025-01-20 |w 2019-11-20 |y BK |k ARQ | ||
| 952 | |0 0 |1 0 |4 0 |6 709_030000000000000_BUR_1953 |7 0 |8 A |9 305800 |a BIBART |b BIBART |d 2019-11-20 |h v.1 |i 1204785 |o 709.03 BUR 1953 |p 1204785 |r 2025-03-13 |w 2019-11-20 |y BK |k ART | ||
| 952 | |0 0 |1 0 |4 0 |6 709_030000000000000_BUR_1953 |7 0 |8 A |9 305801 |a BIBART |b BIBART |d 2019-11-20 |h v.2 |i 1204793 |o 709.03 BUR 1953 |p 1204793 |r 2025-03-13 |w 2019-11-20 |y BK |k ART | ||
| 952 | |0 0 |1 0 |4 0 |6 709_030000000000000_BUR_1953 |7 0 |8 A |9 305802 |a BIBART |b BIBART |d 2019-11-20 |h v.3 |i 1204807 |o 709.03 BUR 1953 |p 1204807 |r 2025-03-13 |w 2019-11-20 |y BK |k ART | ||